Noneuclidean Tesselations and their Groups

Saved in:
Bibliographic Details
Main Author: Magnus, Wilhelm 1907-
Format: Book
Language:English
Published: New York : Academic Press, 1974
Series:Pure and applied mathematics; a series of monographs and textbooks ; 61
Subjects:
Tags: Add Tag
No Tags, Be the first to tag this record!

MARC

LEADER 00000cam a2200000 i 4500
001 1/61141
008 941103s1974 eng d
020 |a 0124654509 
035 |l 10046385 
035 |a 1993 
040 |a GR-MY-UA  |b gre  |e aacr 
041 0 |a eng 
082 0 |a 511.6 
100 1 |a Magnus, Wilhelm  |d 1907- 
245 1 0 |a Noneuclidean Tesselations and their Groups /  |c Wilhelm Magnus 
260 |a New York :   |b Academic Press,   |c 1974 
300 |a xiv, 207 p;  |b illus;  |c 24 cm 
490 1 |a Pure and applied mathematics; a series of monographs and textbooks  |v ; 61 
500 |a Includes index 
504 |a Bibliography: p. [199]-204 
650 0 0 |a Tessellations (Mathematics) 
650 0 0 |a Geometry, Non-Euclidean. 
650 0 0 |a Discontinuous groups. 
852 |a INST  |b SAMOS  |e 19941103  |h 511.6 MAG  |p 005300007131  |q 005300007131  |t BK  |y 0 
909 |a Σ  |b 030688